000 00483nam a2200181Ia 4500
001 8028
005 20260306160539.0
008 260306t2023||||xx |||||||||||||| ||spa||
041 _aESP
082 _a370.1
_bC24
100 _aCampos, Regina Helena de Freitas,
_eAUT
245 4 _aThe transnational legacy of Jean Piaget :
_ba view from the 21st century
260 _c2023
300 _axv, 320 páginas :
_c24 cm.
650 _aGEN
654 _aCED
942 _cLIB
_dJUS
_fJUS
_2ddc
_n
999 _c8028
_d8028